Language Quiz

Random Language or Letter Quiz
Score 0/10 Timer 01:00
1 Play Today
Hint Answer % Correct
Change the WMild
92.1%
Change the IWeld
91.2%
Change the IWold
87.4%
Change the DWile
82.1%
Change the DWilt
78.2%
Change the LWind
76.2%
Change the DWill
71.4%
Change the DWily
65%
Change the WGild
60%
Change the WSild
46.6%
Remove Ads.
Support Sporcle.
Get the best of Sporcle when you Go Orange. This ad-free experience offers more features, more stats, and more fun while also helping to support Sporcle. Thank you for becoming a member.

You're not logged in!

Compare scores with friends on all Sporcle quizzes.
OR
Log In

Show Comments

Extras

Top Quizzes Today


Score Distribution

Your Account Isn't Verified!

In order to create a playlist on Sporcle, you need to verify the email address you used during registration. Go to your Sporcle Settings to finish the process.

Report this User

Report this user for behavior that violates our Community Guidelines.

Details: